000 00904cam a22002051 4500
082 _a355.00954
_bNOR
_cD
100 1 _aNorthey, William Brook,
_949485
245 1 4 _aThe Gurkhas;
_btheir manners, customs and country,
_cby Major W. Brook Northey and Captain C. J. Morris with a foreword by Brigadier-General the Hon. C. G. Bruce. With illustrations from photographs by the author and others, and a map.
260 _aLondon,
_bJohn Lane
_c[1928]
300 _axxxvii, 282 p.
_billus., front, fold. map., plates, port.
_c23 cm.
500 _aChapter IV, "The people and their languages", is by Prof. R. L. Turner.
526 _a0
_b0
_c0
_d355_009540000000000_NOR
650 0 _aGurkhas.
_949486
650 0 _aIndigenous peoples
_zNepal.
_949487
650 0 _aMCE
_9379
700 1 _aBruce, Charles Granville,
_949488
700 1 _aMorris, John,
_949489
700 1 _aTurner, R. L.
_949490
942 _2ddc
_cBK
999 _c552265
_d552265